La Ronda de Doha para el desarrollo: ¿Qué es lo que está en juego para los pobres? /
محفوظ في:
| المؤلف الرئيسي: | |
|---|---|
| مؤلفون آخرون: | |
| التنسيق: | نص |
| الوسوم: |
إضافة وسم
لا توجد وسوم, كن أول من يضع وسما على هذه التسجيلة!
|
MARC
| LEADER | 00000 a a2200000 04500 | ||
|---|---|---|---|
| 001 | 13100 | ||
| 003 | |||
| 040 | |||
| 100 | |a Wise, Timothy A. | ||
| 245 | |a La Ronda de Doha para el desarrollo: |b ¿Qué es lo que está en juego para los pobres? / |c Timothy A. Wise ; Kevin P. Gallagher | ||
| 500 | |a Traducido y adaptado del artículo "The Hong Kong Minsterial: What's at stake for the poor?" publicado en Bridges, 9-10, dic. 2005 | ||
| 700 | |a Gallagher, Kevin P. | ||
| 773 | |g volumen 7, número 2; páginas 14-15 | ||
| 999 | |c 29585 |d 29585 | ||
